000
00292nam a22001097a 4500
008
230627b xxu||||| |||| 00| 0 eng d
082
_a
338.479
_b
NEL
245
_a
The Evolution and Impacts of Community-based Ecotourism in Northern Tanzania
300
_a
40p
440
_n
131
942
_2
ddc
_c
BK
999
_c
2926
_d
2926